Priorities for conserving global species richness and endemism (Registro nro. 8374)

Detalles MARC
000 -CABECERA
Campo de control 01101nam a22002657a 4500
005 - FECHA Y HORA DE LA ULTIMA TRANSACCION
Campo de control 20140408112116.0
008 - ELEMENTOS DE LONGITUD FIJA—INFORMACION GENERAL
Campo de control 140408s1994 enk||||gr|||| 00| 0 eng d
041 ## - IDIOMA
Código de idioma para texto/pista de sonido o título separado Inglés
044 ## - PAÍS DE PUBLICACIÓN
País de publicación Inglaterra
082 ## - NUMERO DE CLASIFICACION DECIMAL DEWEY
Número de clasificación 590.7
Número del ítem O96p
110 2# - ASIENTO PRINCIPAL--NOMBRE CORPORATIVO
Nombre corporativo o de jurisdicción como elemento de entrada Overseas Development Administration
Unidad subordinad World Conservation Monitoring Centre
242 10 - TRADUCCION DEL TITULO POR LA AGENCIA CATALOGADORA
Título Prioridades para la conservación de la riqueza de especies globales y nativas
Mención de responsabilidad Overseas Development Administration
Código de idioma del título traducido spa
245 10 - MENCION DE TITULO
Título Priorities for conserving global species richness and endemism
Mención de responsabilidad Overseas Development Administration
260 ## - PUBLICACION, DISTRIBUCION, ETC. (PIE DE IMPRENTA)
Lugar de publicación, distribución, etc. Inglaterra
Nombre del editor, distribuidor, etc. Overseas Development Administration
Fecha de publicación, distribución, etc. 1994
300 ## - DESCRIPCION FISICA
Extensión 30 p.
Dimensiones 30 cm
504 ## - NOTA DE BIBLIOGRAFIA, ETC.
Nota de bibliografía Incluye bibliografía (páginas 26 - 30)
590 ## - NOTA LOCAL
Nota local 242 traducción por la agencia catalogadora
650 #4 - ASIENTO SECUNDARIO DE MATERIA - TERMINO TEMATICO
Término temático o nombre geográfico como elemento de entrada Biodiversidad
Subdivisión general Conocimiento
650 #4 - ASIENTO SECUNDARIO DE MATERIA - TERMINO TEMATICO
Término temático o nombre geográfico como elemento de entrada Biodiversidad
Subdivisión general Amenazas
650 #4 - ASIENTO SECUNDARIO DE MATERIA - TERMINO TEMATICO
Término temático o nombre geográfico como elemento de entrada Biodiversidad
Subdivisión general Necesidades
650 #4 - ASIENTO SECUNDARIO DE MATERIA - TERMINO TEMATICO
Término temático o nombre geográfico como elemento de entrada Biodiversidad
Subdivisión general Directrices
650 #4 - ASIENTO SECUNDARIO DE MATERIA - TERMINO TEMATICO
Término temático o nombre geográfico como elemento de entrada Biodiversidad
Subdivisión general Estudio
650 #4 - ASIENTO SECUNDARIO DE MATERIA - TERMINO TEMATICO
Término temático o nombre geográfico como elemento de entrada Biodiversidad
Subdivisión de forma Prácticas
Subdivisión general Gestión
942 ## - ELEMENTOS ADICIONALES (KOHA)
Sistema de clasificación Dewey Decimal Classification
Tipo de ítem Impreso
Existencias
Withdrawn status Lost status Sistema de Clasificación Damaged status No para préstamo Colección Inventariado Ubicación Permanente Ubicación actual Fecha de adquisición Fuente de Valor Valor Total Checkouts Número topográfico Inventario / Código de Barras Date last seen Ejemplar Price effective from Forma de adquisición Tipo de material
    Dewey Decimal Classification     General Inventariado 2017 Bogotá Bogotá 08/04/2014 Instituto 39000.00   LB-590.7 O96p 034332 08/04/2014 Ej. 1 08/04/2014   Libro